Sports Quiz

Random Sports or Football Quiz

Ohio State All-Americans since 1968 Quiz Stats

Quiz not verified by Sporcle

Also try: WCC
Challenge
Share
Tweet
Embed
Score 0/85 Timer 15:00
0 Plays Today
Year/Position Player % Correct
2006 QBTroy Smith
47.7%
1975 OGTed Smith
46.4%
2000 SSMike Doss
44.1%
2002 SSMike Doss
44.1%
2001 SSMike Doss
44.1%
1973 TBArchie Griffin
43.4%
1974 TBArchie Griffin
43.4%
1975 TBArchie Griffin
43.4%
1995 OTOrlando Pace
42.5%
1996 OTOrlando Pace
42.5%
1977 SRay Griffin
42.1%
2004 LBAJ Hawk
41.9%
2005 LBAJ Hawk
41.9%
1995 TBEddie George
40.4%
2002 PKMike Nugent
40%
2004 PKMike Nugent
40%
2007 RBChris Wells
38.3%
1997 LBAndy Katzenmoyer
33.6%
2008 CBMalcolm Jenkins
33.1%
1986 LBChris Spielman
32.1%
1987 LBChris Spielman
32.1%
2006 LBJames Laurinaitis
32.1%
2007 LBJames Laurinaitis
32.1%
2008 LBJames Laurinaitis
32.1%
1998 SEDavid Boston
30.5%
1986 WRCris Carter
30.3%
1997 CBAntoine Winfield
29.5%
1998 CBAntoine Winfield
29.5%
1969 QBRex Kern
29.4%
Year/Position Player % Correct
1995 FLTerry Glenn
28.1%
1969 CBJack Tatum
28%
1970 CBJack Tatum
28%
1993 DTDan Wilkinson
26.2%
1996 CBShawn Springs
25.7%
1984 TBKeith Byars
25%
1985 LBPepper Johnson
23.7%
1969 GJim Stillwagon
23.3%
1970 MGJim Stillwagon
23.3%
2002 LBMatt Wilhelm
22.9%
1979 QBArt Schlichter
22.4%
2001 CLeCharles Bentley
21.4%
1995 DEMike Vrabel
20.7%
1996 DEMike Vrabel
20.7%
1993 OTKorey Stringer
20.6%
1994 OTKorey Stringer
20.6%
2002 PAndy Groom
19.2%
1972 OTJohn Hicks
18.5%
1973 OTJohn Hicks
18.5%
1977 LBTom Cousineau
18.5%
1978 LBTom Cousineau
18.5%
1972 LBRandy Gradishar
16.7%
1973 LBRandy Gradishar
16.7%
1999 LBNa'il Diggs
16.4%
1974 PTom Sklandany
15.9%
1975 PTom Sklandany
15.9%
1976 PTom Sklandany
15.9%
1975 STim Fox
15.3%
1969 FBJim Otis
14.5%
Year/Position Player % Correct
1991 LBSteve Tovar
12.8%
1992 LBSteve Tovar
12.8%
1982 LBMarcus Marek
12.7%
2006 DLQuinn Pitcock
11.6%
1977 NGAaron Brown
11.4%
2003 DBWill Allen
11.4%
1976 OTChris Ward
11.1%
1977 OTChris Ward
11.1%
1997 OGRob Murphy
10.5%
1998 OGRob Murphy
10.5%
1970 TEJan White
10.3%
1970 FBJohn Brockington
10%
1984 OGJim Lachey
9.6%
1970 SMike Sensibaugh
9%
1974 CBNeal Cozie
8.8%
1998 SSDamon Moore
8.5%
1970 CBTim Anderson
7.3%
1988 CJeff Uhlenhake
7%
1971 CTom DeLeone
6.9%
1969 CBTed Provost
6.6%
1968 OTRufus Mayes
5.7%
1968 OTDave Foley
5%
1974 OTKurt Schumacher
4.3%
1976 DEBob Brudzinski
4.3%
1974 DEVan Ness DeCree
3.4%
1974 DTPete Cusick
3.3%
1979 OGKen Fritz
2.6%

You're not logged in!

Compare scores with friends on all Sporcle quizzes.
Sign Up with Email
OR
Log In

You Might Also Like...

Show Comments

Extras

Top Quizzes Today


Score Distribution

Your Account Isn't Verified!

In order to create a playlist on Sporcle, you need to verify the email address you used during registration. Go to your Sporcle Settings to finish the process.